| 000 | 00000nam 2200000zi 4500 |
| 001 | 9.954329 |
| 003 | CaOODSP |
| 005 | 20250820132135 |
| 006 | m o d f |
| 007 | cr mn||||||||| |
| 008 | 250820e20250115onc obs f000 0 fre d |
| 040 | |aCaOODSP|bfre|erda|cCaOODSP |
| 043 | |an-cn--- |
| 086 | 1 |aCS82-003/2025-1-2F-PDF |
| 100 | 1 |aCohen, Anaelle, |eauteur. |
| 245 | 14|aLes adolescents qui font de l’activité physique avec leurs parents sont-ils plus actifs et ont-ils une meilleure santé mentale? / |cpar Anaelle Cohen, Justin J. Lang, Stephanie A. Prince, Rachel C. Colley, Mark S. Tremblay et Jean-Philippe Chaput. |
| 264 | 1|a[Ottawa] : |bStatistique Canada = Statistics Canada, |cle 15 janvier 2025. |
| 264 | 4|c©2025 |
| 300 | |a1 ressource en ligne (pages 21-37). |
| 336 | |atexte|btxt|2rdacontent/fre |
| 337 | |ainformatique|bc|2rdamedia/fre |
| 338 | |aressource en ligne|bcr|2rdacarrier/fre |
| 490 | 1 |aRapports sur la santé, |x1209-1375 ; |vvol. 36, n° 1, [2] |
| 500 | |aPublié aussi en anglais sous le titre : Are adolescents who do physical activity with their parents more active and mentally healthier? |
| 504 | |aComprend des références bibliographiques (pages 32-33). |
| 650 | 6|aAdolescents|xSanté et hygiène|zCanada|vStatistiques. |
| 650 | 6|aExercice|xAspect sanitaire|zCanada|vStatistiques. |
| 655 | 7|aStatistiques|2rvmgf |
| 710 | 2 |aStatistique Canada, |eorganisme de publication. |
| 775 | 08|tAre adolescents who do physical activity with their parents more active and mentally healthier? / |w(CaOODSP)9.954327 |
| 830 | #0|aRapports sur la santé (Collection)|vvol. 36, n° 1, [2].|w(CaOODSP)9.950257 |
| 856 | 40|qPDF|s548 Ko|uhttps://publications.gc.ca/collections/collection_2025/statcan/82-003-x/CS82-003-2025-1-2-fra.pdf |
| 856 | 4 |qHTML|sS.O.|uhttps://www150.statcan.gc.ca/n1/pub/82-003-x/2025001/article/00002-fra.htm |